Score 0/134 Timer 10:00
0 Plays Today
Hint Answer % Correct
1880sTom
79.9%
1940sTom
79.9%
2000sAva
77.9%
2010sAva
77.9%
1880sEva
77.4%
1890sEva
77.4%
1900sEva
77.4%
1910sEva
77.4%
1920sEva
77.4%
2010sEva
77.4%
1930sEva
77.3%
1900sSam
77.1%
1910sSam
77.1%
1880sSam
77%
1970sJoe
76.7%
1980sJoe
76.7%
1880sJoe
76.7%
1890sJoe
76.7%
1890sSam
76.7%
1900sJoe
76.7%
1910sJoe
76.7%
1920sJoe
76.7%
1920sSam
76.7%
1930sJoe
76.7%
1940sJoe
76.7%
1950sJoe
76.7%
1900sAnn
76.3%
1910sAnn
76.3%
1920sAnn
76.3%
1930sAnn
76.3%
1940sAnn
76.3%
1950sAnn
76.3%
1960sAnn
76.3%
1960sJoe
76.3%
1980sAnn
76.3%
1980sJon
76.3%
1950sJon
76.2%
1960sJon
76.2%
1970sJon
76.2%
1970sAnn
76%
1990sMia
73.2%
2000sMia
73.2%
2010sMia
73.2%
1890sMay
70.9%
1900sMay
70.9%
Hint Answer % Correct
1960sTim
70.8%
1940sRay
70.6%
1880sMay
70.5%
1910sRay
70.5%
1920sRay
70.5%
1950sRay
70.5%
1890sRay
70.4%
1930sRay
70.1%
1880sLee
67.8%
1910sLee
67.7%
1920sLee
67.7%
1930sLee
67.7%
1970sLee
67.7%
1940sLee
67.7%
1950sLee
67.7%
1960sLee
67.7%
1980sLee
67.3%
1930sBob
67.2%
1960sAmy
67%
1970sAmy
67%
1980sAmy
67%
1990sAmy
67%
2000sAmy
67%
1880sAda
64.5%
1890sAda
64.5%
1900sAda
64.5%
1950sDon
64.3%
1930sDon
64.3%
1940sJim
64%
1960sJim
64%
1940sDon
63.9%
1980sAna
63%
1990sAna
63%
2000sAna
63%
1990sZoe
62.4%
2000sZoe
62.4%
2010sZoe
62.4%
1960sJay
61.3%
1970sJay
61.3%
1980sJay
61.3%
1950sJay
61.1%
1940sKay
59.7%
1980sIan
59.6%
1990sIan
59.6%
2000sIan
59.6%
Hint Answer % Correct
2010sIan
59.6%
1970sIan
59.5%
1880sRoy
59.2%
1890sRoy
59.2%
1900sRoy
59.2%
1910sRoy
59.2%
1920sRoy
59.2%
1930sRoy
59.2%
1940sRoy
59.2%
1950sRoy
59.2%
1960sRoy
59.2%
1970sRoy
59.1%
1980sRoy
59.1%
1880sIda
56.6%
1890sIda
56.6%
1900sIda
56.6%
1910sIda
56.6%
1920sIda
56.6%
1930sIda
56.6%
2000sEli
56.5%
2010sEli
56.5%
1880sMae
52%
1970sJoy
51.9%
1890sMae
51.9%
1900sMae
51.9%
1910sMae
51.9%
1920sMae
51.9%
1990sMax
51.1%
2000sMax
51.1%
2010sMax
51.1%
1890sLeo
49.8%
1930sLeo
49.7%
1900sLeo
49.6%
1910sLeo
49.6%
1920sLeo
49.6%
2010sLeo
49.6%
1970sKim (only girls)
49.1%
1950sKim (both genders combined)
48.7%
1960sKim (only girls)
48.7%
1940sSue
48.6%
1950sSue
48.5%
2000sMya
37.7%
2010sMya
37.7%
2010sKai
31.1%
Remove Ads.
Support Sporcle.
Get the best of Sporcle when you Go Orange. This ad-free experience offers more features, more stats, and more fun while also helping to support Sporcle. Thank you for becoming a member.

You're not logged in!

Compare scores with friends on all Sporcle quizzes.
OR
Log In

Sporcle TV

Today on Sporcle TV


Watch our educational content, quiz creation guides, and fun videos on Sporcle TV.

Show Comments

Extras

Top Quizzes Today


Score Distribution

Paid Content

Your Account Isn't Verified!

In order to create a playlist on Sporcle, you need to verify the email address you used during registration. Go to your Sporcle Settings to finish the process.

Report this User

Report this user for behavior that violates our Community Guidelines.

Details: